Ancient Mesopotamia A-Z - Statistics

General Stats
  • This quiz has been taken 241 times
  • The average score is 16 of 26
Answer Stats
Hint Answer % Correct
Finish the title: Hanging Gardens of ________ Babylon
96%
One of the two rivers forming Mesopotamia Euphrates
91%
Modern-day country now home to the Fertile Crescent Iraq
89%
Protagonist of the earliest known work of literatue (Epic of ________) Gilgamesh
86%
Legendary King of Babylon known for his legal code Hammurabi
86%
Very early form of writing found in several Mesopotamian civilizations Cuneiform
82%
Mesopotamia is Greek for "land between two _______) Rivers
81%
Counterpart of answer E Tigris
80%
History's first known civilization, known for pioneering answer C Sumer
75%
Ancient city founded around 3000 BCE, currently the capital of Syria Damascus
73%
Mesopotamia's first empire (2334 BCE - 2154 BCE), notably ruled by Sargon Akkad
71%
Term for Mesopotamian "pyramids" or religious structures; a well known one is found in answer U Ziggurat
65%
What answer C is a form of Writing
63%
Sparse pockets of water found in the deserts of Mesopotamian desert (also the name of a rock band) Oasis
62%
Form of religion with one god which emerged in answer U Monotheism
61%
Famed Persian Emperor portrayed by Rodrigo Santoro in the somewhat dubious film "300" Xerxes
60%
Ancient city home to the patriarch Abraham, lending its name to answer I Uruk
58%
Ruined city found in Jordan that famously made an appearance in "Indiana Jones and the Last Crusade" Petra
54%
Kingdom conquered by the civilization in answer B Judea
47%
Mesopotamians fermented this form of fungus to produce the earliest known beer in history Yeast
45%
Neo-Babylonian King who destroyed answer J Nebuchadnezzar
44%
Indigenous group known to inhabit northern Mesopotamia, seeking to have their own state Kurds
42%
(Term for female ruler) ______ Puabi was possibly the first female ruler in recorded history, reigning in the city of Ur Queen
41%
Form of mythological destruction story found in Mesopotamia and many subsequent civilizations relating to water Floods
35%
Silver became a prominent standard of ___ across several Mesopotamian civilizations Value
23%
Celestial beings with human heads, bull bodies, and eagle wings, commonly found guarding Assyrian cities in statue forms Lamassu
15%
No matching quizzes found
Score Distribution
Percent of People with Each Score
Percentile by Number Answered
Your Score History
You have not taken this quiz